| 000 | 00904nam a2200229 a 4500 | ||
|---|---|---|---|
| 003 | 0 | ||
| 005 | 20250421101056.0 | ||
| 008 | 090806s19uu xx 00 eng d | ||
| 050 |
_aPGS HQ 784.M3 _b.Sh555 2003 |
||
| 100 | _aShih, Michael L. | ||
| 245 |
_aEffects of electronic gadgets on the studies of grade 6 students of Southville International School / _cMichael L. Shih. |
||
| 260 |
_aLas PiƱas City, Philippines : _bSouthville International School and Colleges, _c2003. |
||
| 300 |
_a19 pages : _billustrations ; _c28 cm. |
||
| 504 | _aIncludes bibliographic references. | ||
| 650 |
_a Students _vEffect of technological innovations on. |
||
| 650 | _aElectronic devices and children. | ||
| 650 |
_aTechnological innovations _vSocial aspects. |
||
| 650 | _aChildren and technology. | ||
| 650 | _aAcademic achievement. | ||
| 650 | _aDigital devices in education. | ||
| 942 |
_2lcc _cPASS |
||
| 999 |
_c96923 _d96923 |
||